Statistics for Taylor Swift TTPD Vocab Quiz

Click here to take the quiz!

General Stats

  • This quiz has been taken 168 times
  • The average score is 8 of 32

Answer Stats

HintAnswer% Correct
Alchemymedieval precursor to chemistry
52%
Cinephilecinema lover
48%
Maladiesa disease or ailment
46%
Starletyoung woman with hopes of being an actress
46%
Timesharearrangement whereby several people own a holiday home
38%
Sanctimoniouslyacting morally superior
32%
Valiantpossessing bravery
32%
Gallowsstructure for hanging criminals
32%
Soliloquya monologue
31%
Tendrilsslender threadlike appendages
31%
Billowsa large gaseous mass, usually clouds
29%
Trystsprivate romantic rendezvous
29%
Rivuletssmall streams of a liquid
29%
Cada man that behaves dishonorably
28%
White-knucklefighting an anxiety provoking situation
28%
Proprietaryrelating to an owner or ownership
25%
Esotericto be understood only by a small number of people, pretencious
25%
Herebyas a result of documentation
23%
Beguilingcharming or enchanting
22%
Dutifulobedient
22%
Litanyrepetitive series
22%
Interlopera person that becomes involved in a situation where they are unwelcome
20%
Also-ranunsuccessful person or thing
20%
Persona non grataunwelcome person
20%
Petulancechildish
18%
Precociousdeveloped at an early age
17%
Revelrylively
14%
Torridfull of difficultly
12%
Anoitto smoother in liquid
9%
Curtailto deprive
8%
Hothouseto educate a child at a higher level than is expected
6%
Low-downmean and unfair
5%

Score Distribution

Percentile by Number Answered

Percent of People with Each Score

Your Score History

You have not taken this quiz